[Event "Benidorm 2015 - sub2000"]
[Site "Benidorm ESP"]
[Date "2015.12.06"]
[Round "9.4"]
[White "Cemborain Oricain, Alfonso"]
[Black "Sendra Tormo, Juan"]
[Result "1-0"]
[WhiteElo "1913"]
[BlackElo "1881"]
[PlyCount "115"]
[EventDate "2015.11.28"]
[EventType "swiss"]
[EventRounds "10"]
[EventCountry "ESP"]
[Source "lmi"]
[SourceDate "2015.11.28"]

1. e4 e6 2. d3 d5 3. Nd2 Nc6 4. g3 Nf6 5. Bg2 e5 6. Ngf3 dxe4 7. dxe4 Bc5 8. h3
h6 9. O-O Be6 10. a3 a5 11. Qe2 O-O 12. Nc4 Nd4 13. Nxd4 Qxd4 14. Ne3 Qd7 15.
Rd1 Qc8 16. Kh2 Rd8 17. Nd5 Nxd5 18. exd5 Bf5 19. c3 a4 20. Qxe5 Re8 21. Qf4
Re2 22. Qc4 Rxf2 23. Qxc5 Re2 24. Qc4 Qe8 25. Bf4 Qe7 26. Bxc7 Qe3 27. Qf4
Rxg2+ 28. Kxg2 Be4+ 29. Kf1 Bd3+ 30. Rxd3 Qxd3+ 31. Kg2 Re8 32. Rf1 Qxd5+ 33.
Qf3 Re2+ 34. Kh1 Qe6 35. g4 Re3 36. Qg2 Re2 37. Qf3 Re3 38. Qxb7 Rxh3+ 39. Bh2
f6 40. Qg2 Re3 41. Rd1 Re2 42. Qd5 Qxd5+ 43. Rxd5 Rxb2 44. c4 Rc2 45. Rd4 Rc1+
46. Kg2 Rc2+ 47. Kg3 Rc3+ 48. Kf4 Rxa3 49. Kf5 Kh7 50. c5 Rc3 51. Bd6 a3 52.
Ra4 h5 53. gxh5 Kh6 54. Ra8 Rf3+ 55. Ke6 Kxh5 56. c6 Rc3 57. c7 g5 58. Kxf6 1-0

[Event "Benidorm 2015 - sub2000"]
[Site "Benidorm ESP"]
[Date "2015.12.06"]
[Round "9.5"]
[White "Picazo Picazo, Pedro Jesus"]
[Black "Milchenko, Valerii"]
[Result "1-0"]
[WhiteElo "1833"]
[BlackElo "1743"]
[PlyCount "57"]
[EventDate "2015.11.28"]
[EventType "swiss"]
[EventRounds "10"]
[EventCountry "ESP"]
[Source "lmi"]
[SourceDate "2015.11.28"]

1. e4 b6 2. d4 Bb7 3. Bd3 e6 4. Nf3 c5 5. c3 cxd4 6. cxd4 Ne7 7. O-O Ng6 8. d5
e5 9. Nc3 Bc5 10. Ne2 O-O 11. Ng3 d6 12. Ng5 Nf4 13. Bxf4 exf4 14. Nxh7 Qh4 15.
Nxf8 fxg3 16. hxg3 Qh6 17. b4 Bd4 18. Rc1 Kxf8 19. Rc7 Nd7 20. Rxd7 Bc8 21. Rc7
Qf6 22. Qh5 g6 23. Qh4 g5 24. Qh5 a5 25. Rfc1 Qxf2+ 26. Kh1 Bg4 27. Qxg4 Bf6
28. Qd7 Be5 29. Rf1 1-0

[Event "Benidorm 2015 - sub2000"]
[Site "Benidorm ESP"]
[Date "2015.12.07"]
[Round "10.1"]
[White "Cemborain Oricain, Alfonso"]
[Black "Ayats Llobera, Gerard"]
[Result "1/2-1/2"]
[WhiteElo "1913"]
[BlackElo "1988"]
[PlyCount "152"]
[EventDate "2015.11.28"]
[EventType "swiss"]
[EventRounds "10"]
[EventCountry "ESP"]
[Source "lmi"]
[SourceDate "2015.11.28"]

1. e4 e6 2. d4 d5 3. exd5 exd5 4. Bd3 Nc6 5. c3 Bd6 6. Nf3 Nge7 7. Bg5 Bg4 8.
O-O Qd7 9. Nbd2 O-O-O 10. b4 f6 11. Bh4 Ng6 12. Bg3 f5 13. Bxd6 cxd6 14. Qc2
Rhf8 15. Rfe1 h6 16. a4 Kb8 17. a5 Rf6 18. Qb3 Nf4 19. Bf1 Qf7 20. Re3 Re8 21.
b5 Nd8 22. Rae1 Rfe6 23. c4 Bxf3 24. Nxf3 dxc4 25. Qxc4 Rxe3 26. fxe3 Qxc4 27.
Bxc4 Nfe6 28. Kf2 b6 29. axb6 axb6 30. Nh4 Nc7 31. Ke2 d5 32. Bd3 Nde6 33. Kd2
f4 34. exf4 Nxd4 35. Rxe8+ Nxe8 36. Nf5 Nxf5 37. Bxf5 Kc7 38. g4 Kd6 39. Ke3
Nc7 40. Bd3 g5 41. h3 Ne6 42. f5 Nf4 43. Bf1 Ke5 44. Kd2 h5 45. Ke3 h4 46. Kd2
d4 47. Kd1 Nd5 48. Kd2 Nf6 49. Bg2 Nd7 50. Bf1 Nf6 51. Bg2 Kf4 52. Kd3 Kg3 53.
Bf1 Kf2 54. Be2 Kg2 55. Kxd4 Kxh3 56. Ke5 Nh7 57. f6 Nf8 58. Kf5 Nh7 59. f7 Kg3
60. Bc4 h3 61. Bd5 Kh4 62. Be4 h2 63. Bh1 Nf8 64. Bd5 Nd7 65. Ke6 Nf8+ 66. Ke7
Ng6+ 67. Ke8 Kxg4 68. Be4 Kh5 69. Bxg6+ Kxg6 70. f8=Q h1=Q 71. Qf7+ Kh6 72.
Qf6+ Kh7 73. Qf7+ Kh8 74. Qf8+ Kh7 75. Qf7+ Kh6 76. Qf6+ Kh7 1/2-1/2

[Event "Benidorm 2015 - sub2000"]
[Site "Benidorm ESP"]
[Date "2015.12.07"]
[Round "10.2"]
[White "Blesa Fernandez, Francisco"]
[Black "Garcia Sancho, Josep"]
[Result "1-0"]
[WhiteElo "1997"]
[BlackElo "1886"]
[PlyCount "85"]
[EventDate "2015.11.28"]
[EventType "swiss"]
[EventRounds "10"]
[EventCountry "ESP"]
[Source "lmi"]
[SourceDate "2015.11.28"]

1. d4 Nf6 2. c4 e6 3. Nf3 b6 4. g3 Bb7 5. Bg2 Bb4+ 6. Bd2 Be7 7. O-O O-O 8. Bf4
d6 9. Qc2 Nbd7 10. Nc3 Nh5 11. Ng5 Bxg5 12. Bxg5 Qxg5 13. Bxb7 Rab8 14. Bc6 Qe7
15. Qa4 Ndf6 16. Qxa7 Ng4 17. Bf3 f5 18. Nb5 Rbc8 19. Qa3 g5 20. e4 Nhf6 21. h3
Nh6 22. e5 Ne4 23. Bxe4 fxe4 24. exd6 cxd6 25. Qxd6 Qf6 26. Nc7 Nf7 27. Qxe6
Qxd4 28. Rad1 Qxb2 29. Rd7 Rcd8 30. Rxd8 Rxd8 31. Nd5 Rd6 32. Qxe4 Qxa2 33. Re1
Qa5 34. Qe8+ Kg7 35. Re7 Qa1+ 36. Kg2 Rf6 37. Nxf6 Qxf6 38. Rxf7+ Qxf7 39.
Qxf7+ Kxf7 40. Kf3 Kf6 41. Ke4 Ke6 42. f4 gxf4 43. gxf4 1-0

[Event "Benidorm 2015 - sub2000"]
[Site "Benidorm ESP"]
[Date "2015.12.07"]
[Round "10.4"]
[White "Bote Kobolo, Benjamin"]
[Black "Huylebroeck, Roland"]
[Result "1/2-1/2"]
[WhiteElo "1966"]
[BlackElo "1945"]
[PlyCount "86"]
[EventDate "2015.11.28"]
[EventType "swiss"]
[EventRounds "10"]
[EventCountry "ESP"]
[Source "lmi"]
[SourceDate "2015.11.28"]

1. e4 c5 2. Nc3 Nc6 3. Nf3 g6 4. Bb5 Bg7 5. Bxc6 bxc6 6. O-O e5 7. d3 Ne7 8.
Be3 d6 9. Nd2 O-O 10. f4 exf4 11. Bxf4 Be6 12. Qe1 Qd7 13. Qg3 Rad8 14. Nf3 h6
15. Rad1 g5 16. Bd2 Ng6 17. Ne2 f5 18. exf5 Bxf5 19. Bc3 d5 20. Bxg7 Qxg7 21.
Nc3 Nf4 22. Rde1 Rde8 23. Kh1 Bg6 24. h3 Bh5 25. Rxe8 Rxe8 26. h4 Ne2 27. Nxe2
Rxe2 28. hxg5 Rxc2 29. Qb8+ Kh7 30. Qd6 Rxb2 31. Re1 Rb7 32. Ne5 Qxg5 33. Rf1
Rg7 34. Rf2 Qc1+ 35. Kh2 Qg5 36. Nd7 Rf7 37. Rxf7+ Bxf7 38. Nf6+ Kg7 39. Nd7
Qh4+ 40. Kg1 Qe1+ 41. Kh2 Qh4+ 42. Kg1 Qe1+ 43. Kh2 Qh4+ 1/2-1/2

[Event "Benidorm 2015 - sub2000"]
[Site "Benidorm ESP"]
[Date "2015.12.07"]
[Round "10.5"]
[White "Fichtinger, Leopold"]
[Black "Zibaei, Abdoullah"]
[Result "0-1"]
[WhiteElo "1951"]
[BlackElo "1914"]
[PlyCount "48"]
[EventDate "2015.11.28"]
[EventType "swiss"]
[EventRounds "10"]
[EventCountry "ESP"]
[Source "lmi"]
[SourceDate "2015.11.28"]

1. d4 Nf6 2. c4 e5 3. dxe5 Ng4 4. e4 Nxe5 5. f4 Nec6 6. Be3 Bb4+ 7. Kf2 d6 8.
a3 Ba5 9. Bd3 Qf6 10. Ra2 Bb6 11. Ne2 Bg4 12. Nbc3 Bxe2 13. Kxe2 Qg6 14. Bxb6
axb6 15. Qg1 Qg4+ 16. Ke3 O-O 17. Nd5 Na6 18. Bb1 Na5 19. Qf1 Nb3 20. Ne7+ Kh8
21. Nf5 Rfe8 22. Kd3 Rxe4 23. Kc3 Rxf4 24. Qd1 Rxc4+ 0-1